Normal view
MARC view
- Wright, Lawrence S
Entry Personal Name
001 - CONTROL NUMBER
- control field: 100298
003 - CONTROL NUMBER IDENTIFIER
- control field: NUST
005 - DATE AND TIME OF LATEST TRANSACTION
- control field: 20221014111317.0
008 - FIXED-LENGTH DATA ELEMENTS
- fixed length control field: 221014|| aca||aabn | a|a d
040 ## - CATALOGING SOURCE
- Original cataloging agency: NUST
- Transcribing agency: NUST
100 ## - HEADING--PERSONAL NAME
- Personal name: Wright, Lawrence S
670 ## - SOURCE DATA FOUND
- Source citation: Work cat.: (NUST)183049: Wright, Lawrence S., Drafting; technical communication /, Co. [1968]
